Isocrate l'Athenien, ou la belle hegemonie: étude des relations internationales au IV siecle a.C

Salvato in:
Dettagli Bibliografici
Autore principale: Bouchet, Christian (Autore)
Natura: Libro
Lingua:francese
Pubblicazione: Burdeos, Francia Ausonius Edition 2014
Serie:Scripta Antiqua, 60
Soggetti:
Tags: Aggiungi Tag
Nessun Tag, puoi essere il primo ad aggiungerne!!

MARC

LEADER 00000cam a2200000 a 4500
001 UCC9303
003 CL-VaPUC
005 20220114074110.0
008 190914e20140000fr |||||||||||||||||fre|d
999 |c 375489  |d 375487 
020 |a 9782356131003 
040 |c Pontificia Universidad Católica de Valparaíso 
082 0 4 |a 930 BOU 2014  |2 21 
100 0 |a Bouchet, Christian  |e author  |9 604292 
245 1 0 |a Isocrate l'Athenien, ou la belle hegemonie:  |b  étude des relations internationales au IV siecle a.C 
260 |a Burdeos, Francia  |b Ausonius Edition  |c 2014 
300 |a 277 páginas 
490 0 |a Scripta Antiqua,  |v  60 
583 |a last modification  |c 20190914 23:07:00  |k Rodrigo Vera 
600 0 |a Sócrates  |9 266368 
650 7 |a HISTORIA DE GRECIA ANTIGUA  |2 CL-VaPUC  |9 520504 
942 |c BK  |2 ddc 
945 |d 20190914 23:07:00  |a dcastane 
952 |0 0  |1 0  |2 ddc  |3 erb  |4 0  |6 930_000000000000000_BOU_2014  |7 0  |8 A  |9 494477  |a BIBHIS  |b BIBHIS  |i 5601517  |o 930 BOU 2014  |p 5601517  |r 2025-01-20  |t 1  |w 2019-11-24  |y BK  |z Catalogado en:20190914  |k HIS